000 00413nam a2200157 a 4500
005 20140412111339.0
008 040616s19uu xx 00 eng d
020 _a81-7904-027-5
050 _aTR(PS E
_bCo83
245 _aCourtesy.
260 _a[s.l.] :
_bApple Publishing Int'l.
300 _a1 v. (unp.) ; ill.
440 _aMy Preschool Series
650 _aManners--Juvenile literature
999 _c105084
_d105084